000 00995cam a22002654a 4500
999 _c1488
_d1488
001 15699882
003 GZU
005 20201019090524.0
008 090415s2008 rh b 001 0 eng
010 _a 2009334173
020 _a9780869228227
040 _aDLC
_cDLC
042 _alcode
043 _af-rh---
050 0 0 _aHD 2741
_b.DUB 2008
100 1 _aDube, Canaan Farirai.
245 1 0 _aCorporate governance :
_bnon-executive directors' independence : fact or fiction? /
_cCanaan Farirai Dube.
260 _aGweru, Zimbabwe :
_bMambo Press,
_c2008.
300 _a155 p. ;
_c21 cm.
504 _aIncludes bibliographical references (p. 144-149) and index.
650 0 _aOutside directors of corporations
_xLegal status, laws, etc.
_zZimbabwe.
906 _a7
_bcbc
_corigode
_d3
_encip
_f20
_gy-gencatlg
942 _2lcc
_cBK
_h2741
_iDUB
_kHD